000 00354 a2200121 4500
001 75878
005 20260313154944.0
010 _a972-54-0051-8
090 _a75878
100 _a20260313 pory50
200 _aA pergunta de Job: O Homem e o mistério do mal
_fSebastião J. Formosinho; J. Oliveira Branco
210 _cUniversidade Católica
_d2003
942 _cMON